Riconosci il Pokémon - Quiz n°33 - Statistics

Statistiche generali
  • Questo quiz è stato fatto 9 volte
  • Il punteggio medio è 8 su 10
Statistiche sulle risposte
Indizio Risposta % Corretto
Generazione Quarta
100%
Tipo Acqua
89%
Stadio evoluzione Genitore
89%
Abilità Idratazione
89%
Altezza 0,3 m
67%
Peso 1,4 kg
67%
Tasso di cattura 3 (1.6%)
67%
Tasso di allevamento Lento
67%
Pokémon Manaphy
67%
Sesso Sconosciuto
67%
Nessun quiz corrispondente trovato
Distribuzione punteggi
Percentuale di utenti per punteggio
Percentile per numero di risposta
I tuoi punteggi nel tempo
Non hai fatto questo quiz